[Event "Titled Tuesday intern op 02nd Apr Early"]
[Site "Chess.com INT"]
[Date "2024.04.02"]
[Round "5"]
[White "Pultinevicius, Paulius"]
[Black "Bauer, Sebastian"]
[Result "1-0"]
[WhiteElo "2587"]
[BlackElo "2320"]
[PlyCount "77"]
[EventDate "2024.04.02"]
[EventType "swiss (blitz)"]
[EventRounds "11"]
[EventCountry "USA"]
[SourceTitle "CB15_2024"]
[SourceDate "2024.04.10"]
[SourceVersion "1"]
[SourceVersionDate "2024.04.10"]
[SourceQuality "1"]

1. d4 Nf6 2. c4 g6 3. d5 Bg7 4. Nc3 d6 5. g3 c5 6. Bg2 0-0 7. Nh3 a6 8. a4 e6 9. dxe6 Bxe6 10. Nf4 Bc8 11. 0-0 Nc6 12. Rb1 Re8 13. e4 Nd4 14. b3 Bg4 15. f3 Bd7 16. Bb2 b5 17. axb5 axb5 18. Nce2 Nxe2+ 19. Qxe2 Ra2 20. Rfd1 Qb6 21. Rd2 g5 22. Bxf6 Rxd2 23. Qxd2 Bxf6 24. Nd5 Qd8 25. Nxf6+ Qxf6 26. Rd1 Be6 27. Qxd6 Qc3 28. Qxc5 Qxb3 29. Qxg5+ Kh8 30. Rd8 Rxd8 31. Qxd8+ Kg7 32. Qd4+ Kg8 33. cxb5 Qxb5 34. h4 Qe2 35. f4 Bg4 36. Qd8+ Kg7 37. f5 h6 38. f6+ Kh7 39. Qf8 1-0

[Event "Karlsruhe Grenke op"]
[Site "Karlsruhe"]
[Date "2024.04.01"]
[Round "8"]
[White "Pultinevicius, Paulius"]
[Black "Ben Ari, Yannay"]
[Result "1-0"]
[WhiteElo "2575"]
[BlackElo "2434"]
[PlyCount "105"]
[EventDate "2024.03.28"]
[EventType "swiss"]
[EventRounds "9"]
[EventCountry "GER"]
[SourceTitle "CB14_2024"]
[SourceDate "2024.04.01"]
[SourceVersion "1"]
[SourceVersionDate "2024.04.01"]
[SourceQuality "1"]

1. d4 Nf6 2. Nf3 g6 3. c4 Bg7 4. Nc3 0-0 5. e4 d6 6. Be2 e5 7. 0-0 h6 8. dxe5 dxe5 9. Be3 Nc6 10. Qc1 Nd4 11. Bxh6 Nxe4 12. Bxg7 Kxg7 13. Nxd4 Qxd4 14. Nxe4 Qxe4 15. Bf3 Qf4 16. Qxf4 exf4 17. Rad1 Be6 18. Rd4 g5 19. Rfd1 c6 20. h4 gxh4 21. Rxf4 Rad8 22. Rfd4 Rxd4 23. Rxd4 Rh8 24. c5 Kg6 25. Ra4 a6 26. Rb4 Bc8 27. Bg4 f5 28. Bd1 Re8 29. Rd4 Re1+ 30. Kh2 Be6 31. Bf3 Re5 32. Rb4 Rxc5 33. Rxb7 Bxa2 34. b4 Rc2 35. Rb6 Kg5 36. Bxc6 Bc4 37. Kg1 Rc1+ 38. Kh2 Rc2 39. Kg1 Rc1+ 40. Kh2 Rf1 41. f3 Rf2 42. Be8 Re2 43. Rg6+ Kf4 44. Rh6 Ke3 45. Bd7 f4 46. Bc8 Rb2 47. Bxa6 Bd5 48. Rd6 Rd2 49. Kh3 Rd1 50. Kxh4 Bxf3 51. Re6+ Kf2 52. gxf3 Rb1 53. Kg4 1-0

[Event "Reykjavik op"]
[Site "Reykjavik"]
[Date "2024.03.21"]
[Round "9"]
[White "Pultinevicius, Paulius"]
[Black "Balakrishnan, Praveen"]
[Result "1/2-1/2"]
[WhiteElo "2575"]
[BlackElo "2490"]
[PlyCount "86"]
[EventDate "2024.03.15"]
[EventType "swiss"]
[EventRounds "9"]
[EventCountry "ISL"]
[SourceTitle "CB13_2024"]
[SourceDate "2024.03.27"]
[SourceVersion "1"]
[SourceVersionDate "2024.03.27"]
[SourceQuality "1"]

1. d4 Nf6 2. c4 e6 3. Nf3 d5 4. Nc3 Be7 5. Bg5 h6 6. Bh4 0-0 7. e3 b6 8. Be2 Bb7 9. Bxf6 Bxf6 10. cxd5 exd5 11. b4 c6 12. 0-0 a5 13. b5 c5 14. Rc1 Nd7 15. Qd2 c4 16. Rcd1 Re8 17. Qc2 Rc8 18. Qf5 g6 19. Qh3 Bg7 20. Rfe1 Qe7 21. Bf1 Rcd8 22. Re2 Qa3 23. Rc2 Qd6 24. Be2 Re7 25. Rcd2 Qa3 26. Rc2 Qd6 27. Rcd2 f5 28. Qh4 g5 29. Qg3 Qxg3 30. hxg3 Kf7 31. Na4 Re6 32. Rc2 Rc8 33. Rdc1 Kg6 34. Kf1 Rd6 35. Bd1 Re8 36. Rd2 Rde6 37. Bc2 Kf6 38. Rcd1 Bf8 39. Bb1 Bb4 40. Rc2 Bd6 41. Rcd2 Bb4 42. Rc2 Bd6 43. Rcd2 Bb4 1/2-1/2

[Event "Reykjavik op"]
[Site "Reykjavik"]
[Date "2024.03.15"]
[Round "1"]
[White "Pultinevicius, Paulius"]
[Black "Strathmann, Sascha"]
[Result "1-0"]
[WhiteElo "2575"]
[BlackElo "2129"]
[PlyCount "71"]
[EventDate "2024.03.15"]
[EventType "swiss"]
[EventRounds "9"]
[EventCountry "ISL"]
[SourceTitle "CB13_2024"]
[SourceDate "2024.03.27"]
[SourceVersion "1"]
[SourceVersionDate "2024.03.27"]
[SourceQuality "1"]

1. d4 Nf6 2. Bg5 c6 3. Bxf6 exf6 4. e3 d5 5. Nf3 Nd7 6. c4 Bb4+ 7. Nfd2 0-0 8. a3 Bd6 9. Nc3 dxc4 10. Nxc4 Bc7 11. Bd3 Nb6 12. 0-0 Nxc4 13. Bxc4 f5 14. g3 b5 15. Be2 a5 16. Rc1 Be6 17. Bf3 Ra6 18. Qc2 Bc4 19. Be2 Bxe2 20. Qxe2 Qd7 21. Rfd1 Bd6 22. d5 Rb8 23. a4 cxd5 24. Rxd5 Rc6 25. Rxb5 Rbc8 26. Rd1 Qe6 27. Rxa5 Bb4 28. Rad5 g6 29. Nb5 Rc2 30. Rd8+ Kg7 31. Nd4 Qe4 32. Nxc2 Rxc2 33. Qd3 Qxd3 34. R1xd3 Kf6 35. R8d5 Rc1+ 36. Rd1 1-0

[Event "Titled Tuesday intern op 13th Feb Early"]
[Site "Chess.com INT"]
[Date "2024.02.13"]
[Round "2"]
[White "Al Tarbosh, Ward"]
[Black "Pultinevicius, Paulius"]
[Result "0-1"]
[WhiteElo "2278"]
[BlackElo "2575"]
[PlyCount "82"]
[EventDate "2024.02.13"]
[EventType "swiss (blitz)"]
[EventRounds "11"]
[EventCountry "USA"]
[SourceTitle "CB08_2024"]
[SourceDate "2024.02.21"]
[SourceVersion "1"]
[SourceVersionDate "2024.02.21"]
[SourceQuality "1"]

1. e4 e5 2. Nf3 Nc6 3. Bb5 a6 4. Ba4 Nf6 5. 0-0 Be7 6. d3 d6 7. a3 Bd7 8. Nc3 0-0 9. h3 Re8 10. Bb3 h6 11. Be3 Bf8 12. Qd2 Ne7 13. Rad1 Ng6 14. d4 exd4 15. Nxd4 c6 16. Nf5 d5 17. Ng3 dxe4 18. Ncxe4 Nd5 19. Bxd5 cxd5 20. Qxd5 Bc6 21. Qxd8 Raxd8 22. Nc3 Rc8 23. Nf5 Ne5 24. Bd4 Nc4 25. Na2 Be4 26. Ne3 Nxe3 27. Bxe3 Rxc2 28. Rd2 Rec8 29. Rfd1 Rxd2 30. Rxd2 Bf5 31. g4 Be6 32. Nb4 a5 33. Nd3 b5 34. b4 Rc3 35. Nc5 Bxc5 36. Bxc5 a4 37. Rd8+ Kh7 38. Rb8 Bc4 39. Ra8 Rxa3 40. Kg2 Bd5+ 41. Kh2 Bxa8 0-1

[Event "Chessable Masters Play In"]
[Site "Chess.com INT"]
[Date "2024.01.31"]
[Round "6"]
[White "Caruana, Fabiano"]
[Black "Pultinevicius, Paulius"]
[Result "0-1"]
[WhiteElo "2804"]
[BlackElo "2575"]
[PlyCount "110"]
[EventDate "2024.01.31"]
[EventType "swiss (rapid)"]
[EventRounds "9"]
[EventCountry "USA"]
[SourceTitle "CB06_2024"]
[SourceDate "2024.02.07"]
[SourceVersion "1"]
[SourceVersionDate "2024.02.07"]
[SourceQuality "1"]

1. c4 e6 2. Nc3 d5 3. d4 Nf6 4. cxd5 exd5 5. Bg5 c6 6. Qc2 h6 7. Bh4 g6 8. e3 Bf5 9. Bd3 Bxd3 10. Qxd3 Nbd7 11. Nge2 Bg7 12. 0-0 0-0 13. f3 Re8 14. Rad1 Qb6 15. b3 Rad8 16. Kh1 Qa5 17. e4 dxe4 18. fxe4 Qh5 19. Bxf6 Nxf6 20. h3 c5 21. d5 Qe5 22. Ng3 a6 23. a4 h5 24. Qf3 Re7 25. Rfe1 Ne8 26. Nb1 b5 27. axb5 axb5 28. Nd2 Nd6 29. Rc1 Bh6 30. Ngf1 Rc8 31. Rc2 f5 32. Qe2 fxe4 33. Rd1 Rf7 34. Nf3 Qf4 35. N3h2 Bg7 36. Ne3 Bd4 37. Nhf1 Qe5 38. Ra2 Rcf8 39. Qe1 Nf5 40. Nxf5 Rxf5 41. Nh2 Qxd5 42. Re2 Rf4 43. b4 Qf5 44. bxc5 Bxc5 45. Qc3 e3 46. Qb3+ Kh7 47. Qxb5 Rf7 48. Qc6 Rf2 49. Rxf2 Qxf2 50. Qe6 e2 51. Rb1 h4 52. Qe4 Qf1+ 53. Nxf1 Rxf1+ 54. Rxf1 exf1Q+ 55. Kh2 Qg1# 0-1

[Event "Chessable Masters Play In"]
[Site "Chess.com INT"]
[Date "2024.01.31"]
[Round "2"]
[White "Shimanov, Aleksandr"]
[Black "Pultinevicius, Paulius"]
[Result "1-0"]
[WhiteElo "2578"]
[BlackElo "2575"]
[PlyCount "67"]
[EventDate "2024.01.31"]
[EventType "swiss (rapid)"]
[EventRounds "9"]
[EventCountry "USA"]
[SourceTitle "CB06_2024"]
[SourceDate "2024.02.07"]
[SourceVersion "1"]
[SourceVersionDate "2024.02.07"]
[SourceQuality "1"]

1. d4 Nf6 2. Bg5 d5 3. Nd2 Nbd7 4. Ngf3 h6 5. Bh4 e6 6. e3 c5 7. c3 Bd6 8. Bd3 0-0 9. Qe2 e5 10. dxe5 Nxe5 11. Nxe5 Bxe5 12. Nf3 Bd6 13. Rd1 Qe7 14. Bc2 g5 15. Bg3 Rd8 16. 0-0 b6 17. Rfe1 Bb7 18. Bxd6 Rxd6 19. h4 g4 20. Nh2 h5 21. Nf1 Rad8 22. Ng3 Re6 23. Qd2 Re5 24. e4 Bc8 25. Qf4 Re8 26. Re3 Bd7 27. Qh6 dxe4 28. Rde1 Qe6 29. Bb3 Nd5 30. Qxe6 R8xe6 31. Rxe4 Rxe4 32. Rxe4 Rxe4 33. Nxe4 Nc7 34. Nf6+ 1-0

[Event "Titled Tuesday intern op 09th Jan Early"]
[Site "Chess.com INT"]
[Date "2024.01.09"]
[Round "1"]
[White "Pultinevicius, Paulius"]
[Black "Travkina, Anastasia"]
[Result "1-0"]
[WhiteElo "2575"]
[BlackElo "2202"]
[PlyCount "51"]
[EventDate "2024.01.09"]
[EventType "swiss (blitz)"]
[EventRounds "11"]
[EventCountry "USA"]
[SourceTitle "CB03_2024"]
[SourceDate "2024.01.17"]
[SourceVersion "1"]
[SourceVersionDate "2024.01.17"]
[SourceQuality "1"]

1. d4 Nf6 2. c4 c5 3. d5 b5 4. cxb5 a6 5. e3 e6 6. Nc3 exd5 7. Nxd5 Be7 8. Nf3 0-0 9. b6 Nc6 10. Bc4 Nxd5 11. Bxd5 Bf6 12. 0-0 Qxb6 13. Rb1 Bb7 14. Bd2 Nb4 15. Bxb7 Qxb7 16. Bc3 Be7 17. Qb3 c4 18. Qxc4 Rac8 19. Qg4 f6 20. Rbd1 Rfd8 21. Nd4 Bf8 22. Nf5 Nd5 23. Nh6+ Kh8 24. Nf7+ Kg8 25. Nxd8 Rxd8 26. Qf3 1-0

[Event "Keres Memorial rap 33rd"]
[Site "Tallinn"]
[Date "2024.01.07"]
[Round "10"]
[White "Meskovs, Nikita"]
[Black "Pultinevicius, Paulius"]
[Result "0-1"]
[WhiteElo "2532"]
[BlackElo "2575"]
[PlyCount "126"]
[EventDate "2024.01.06"]
[EventType "swiss (rapid)"]
[EventRounds "11"]
[EventCountry "EST"]
[SourceTitle "CB02_2024"]
[SourceDate "2024.01.10"]
[SourceVersion "1"]
[SourceVersionDate "2024.01.10"]
[SourceQuality "1"]

1. c4 e6 2. Nc3 d5 3. d4 Nf6 4. Nf3 c6 5. g3 Nbd7 6. Bg2 dxc4 7. 0-0 Be7 8. e4 0-0 9. Bf4 a5 10. a4 b6 11. Qe2 Ba6 12. Rfd1 Bb4 13. Nd2 Qe7 14. Nxc4 Rac8 15. Na2 c5 16. Nxb4 axb4 17. dxc5 e5 18. Be3 Nxc5 19. Bxc5 Rxc5 20. b3 Rfc8 21. Bh3 Bxc4 22. bxc4 R8c7 23. Qe3 g6 24. Bf1 Nd7 25. Qd2 Ra5 26. Qd6 Qxd6 27. Rxd6 Kf8 28. Bh3 Nc5 29. Rxb6 b3 30. Bg4 Rb7 31. Rxb7 Nxb7 32. Bd1 Nc5 33. f3 Ra8 34. Kf1 Ke7 35. Ke2 Nxa4 36. Ke1 Nb6 37. Rb1 Nxc4 38. Bxb3 Rb8 39. Ba2 Rxb1+ 40. Bxb1 Kd6 41. Ke2 Kc5 42. Kd3 Nd6 43. Ba2 g5 44. h4 h6 45. hxg5 hxg5 46. f4 f6 47. Ke3 Nb5 48. fxg5 fxg5 49. Kf3 Nc3 50. Bg8 Kd4 51. Bh7 Nxe4 52. Bf5 Nf6 53. Bc2 e4+ 54. Ke2 Nh5 55. Kf2 Nf6 56. Ke2 Nd5 57. Kf2 Nc3 58. Bb3 Kd3 59. Be6 Kd2 60. Bg4 e3+ 61. Kg2 e2 62. Bxe2 Kxe2 63. Kh3 Kf3 0-1

[Event "Keres Memorial rap 33rd"]
[Site "Tallinn"]
[Date "2024.01.07"]
[Round "8"]
[White "Volodin, Aleksandr"]
[Black "Pultinevicius, Paulius"]
[Result "0-1"]
[WhiteElo "2459"]
[BlackElo "2575"]
[PlyCount "94"]
[EventDate "2024.01.06"]
[EventType "swiss (rapid)"]
[EventRounds "11"]
[EventCountry "EST"]
[SourceTitle "CB02_2024"]
[SourceDate "2024.01.10"]
[SourceVersion "1"]
[SourceVersionDate "2024.01.10"]
[SourceQuality "1"]

1. d4 Nf6 2. c4 e6 3. Nf3 d5 4. g3 Bb4+ 5. Bd2 Be7 6. Bg2 0-0 7. 0-0 Nbd7 8. Qc2 c6 9. Bf4 a5 10. Rd1 a4 11. a3 Ne4 12. Nc3 Nxc3 13. Qxc3 Nb6 14. Nd2 g5 15. Be3 f5 16. f4 g4 17. Bf2 h5 18. h4 gxh3 19. Bxh3 Rf7 20. Bg2 Rg7 21. Qf3 Qe8 22. Rac1 Qg6 23. Kf1 Nd7 24. Bh3 Nf6 25. Ke1 Qh6 26. Rc3 Bd7 27. Qe3 Bd6 28. Qf3 h4 29. gxh4 Bxf4 30. cxd5 exd5 31. e3 Re8 32. Ke2 Ng4 33. Rg1 Kh8 34. Nf1 Rge7 35. Kd1 Nxf2+ 36. Qxf2 Bxe3 37. Nxe3 Rxe3 38. Rg5 Re1+ 39. Kd2 R8e4 40. Bf1 Rb1 41. Bd3 Rxb2+ 42. Bc2 Qxh4 43. Qxh4+ Rxh4 44. Rcg3 Rh2+ 45. Kd3 Be6 46. Bxa4 f4 47. Rg1 Rh3+ 0-1

[Event "Keres Memorial rap 33rd"]
[Site "Tallinn"]
[Date "2024.01.06"]
[Round "1"]
[White "Pultinevicius, Paulius"]
[Black "Bondarenko, Dmitry"]
[Result "1-0"]
[WhiteElo "2575"]
[BlackElo "1901"]
[PlyCount "67"]
[EventDate "2024.01.06"]
[EventType "swiss (rapid)"]
[EventRounds "11"]
[EventCountry "EST"]
[SourceTitle "CB02_2024"]
[SourceDate "2024.01.10"]
[SourceVersion "1"]
[SourceVersionDate "2024.01.10"]
[SourceQuality "1"]

1. d4 c6 2. e4 d5 3. exd5 cxd5 4. Bd3 Nf6 5. h3 e6 6. Nf3 b6 7. c3 a5 8. 0-0 Ba6 9. Bxa6 Nxa6 10. Ne5 Bd6 11. Qa4+ Kf8 12. Bf4 Bxe5 13. Bxe5 Nd7 14. Bf4 f6 15. Re1 Kf7 16. Na3 g5 17. Bg3 f5 18. Qc6 f4 19. Qxe6+ Kg7 20. Qe7+ Qxe7 21. Rxe7+ Kf6 22. Rxd7 fxg3 23. fxg3 Rad8 24. Rf1+ Kg6 25. Rff7 Nb8 26. Rg7+ Kh6 27. Rxh7+ Rxh7 28. Rxd8 Nd7 29. Nb5 g4 30. Nc7 Nf6 31. Rd6 Rxc7 32. Rxf6+ Kg5 33. Rxb6 Kf5 34. h4 1-0

[Event "Keres Memorial rap 33rd"]
[Site "Tallinn"]
[Date "2024.01.06"]
[Round "7"]
[White "Pultinevicius, Paulius"]
[Black "Fridman, Daniel"]
[Result "1-0"]
[WhiteElo "2575"]
[BlackElo "2588"]
[PlyCount "133"]
[EventDate "2024.01.06"]
[EventType "swiss (rapid)"]
[EventRounds "11"]
[EventCountry "EST"]
[SourceTitle "CB02_2024"]
[SourceDate "2024.01.10"]
[SourceVersion "1"]
[SourceVersionDate "2024.01.10"]
[SourceQuality "1"]

1. d4 d5 2. c4 e6 3. Nf3 c5 4. cxd5 exd5 5. g3 Nc6 6. Bg2 Nf6 7. 0-0 Be7 8. dxc5 Bxc5 9. a3 Ne4 10. Nfd2 f5 11. b4 Be7 12. Bb2 Bf6 13. Qb3 Be6 14. Nxe4 fxe4 15. Rd1 Qe7 16. Bxf6 Qxf6 17. Qc3 Ne5 18. Qd4 Rc8 19. Nd2 0-0 20. Rac1 Nc6 21. Qxf6 gxf6 22. Nb3 b6 23. f4 d4 24. Rb1 Bxb3 25. Rxb3 f5 26. Rbb1 Rfd8 27. Rbc1 Ne7 28. Rxc8 Nxc8 29. g4 e3 30. gxf5 Ne7 31. Be4 Kf7 32. Kg2 Kf6 33. Kf3 Nxf5 34. Rc1 h5 35. Bd3 Nd6 36. Rg1 b5 37. Rg6+ Kf7 38. Rg5 a6 39. Rd5 Ke7 40. Rxd4 Rc8 41. Rd5 Rc3 42. Rxh5 Rxa3 43. Rh7+ Kf6 44. Rh6+ Ke7 45. f5 Rb3 46. Rh7+ Kf6 47. Rh6+ Ke7 48. Rh4 Kf6 49. Rg4 Ke5 50. h4 Rc3 51. h5 Rc7 52. Rg6 Rf7 53. Kg4 Kd5 54. h6 a5 55. Rg7 axb4 56. Rxf7 Nxf7 57. Kh5 b3 58. h7 b2 59. Bb1 Kd6 60. Kg6 Ke7 61. Kg7 b4 62. f6+ Ke6 63. Ba2+ b3 64. Bxb3+ Ke5 65. Bc2 Ke6 66. Bb1 Nh8 67. Ba2+ 1-0

[Event "Keres Memorial rap 33rd"]
[Site "Tallinn"]
[Date "2024.01.06"]
[Round "5"]
[White "Pultinevicius, Paulius"]
[Black "Kuzubov, Yuriy"]
[Result "1-0"]
[WhiteElo "2575"]
[BlackElo "2605"]
[PlyCount "93"]
[EventDate "2024.01.06"]
[EventType "swiss (rapid)"]
[EventRounds "11"]
[EventCountry "EST"]
[SourceTitle "CB02_2024"]
[SourceDate "2024.01.10"]
[SourceVersion "1"]
[SourceVersionDate "2024.01.10"]
[SourceQuality "1"]

1. d4 Nf6 2. Bg5 e6 3. e4 h6 4. Bxf6 Qxf6 5. Nc3 Bb4 6. Qd3 b6 7. Nf3 Bb7 8. Qe3 Bxc3+ 9. bxc3 Qe7 10. Bd3 d6 11. a4 Nd7 12. a5 0-0 13. 0-0 e5 14. a6 Bc8 15. Bb5 Nf6 16. Bc6 Rb8 17. Nd2 Qe6 18. Qd3 Bd7 19. Bb7 Bc8 20. Bc6 d5 21. dxe5 dxe4 22. Nxe4 Qxe5 23. Rfe1 Bf5 24. Qg3 Qxg3 25. Nxf6+ gxf6 26. hxg3 Rfd8 27. Re7 Kf8 28. Rxc7 Rdc8 29. Rb7 Be6 30. Rd1 Ra8 31. Bd7 Rd8 32. Rd4 Bxd7 33. Rdxd7 Rxd7 34. Rxd7 Kg7 35. Rc7 f5 36. f4 Kf6 37. Kf2 Ke6 38. Ke3 f6 39. Kd4 Kd6 40. Rf7 Ke6 41. Rh7 Rd8+ 42. Kc4 Rc8+ 43. Kb4 Rc5 44. Rxa7 Ra5 45. Ra8 Kf7 46. c4 Kg6 47. a7 1-0

[Event "Keres Memorial rap 33rd"]
[Site "Tallinn"]
[Date "2024.01.06"]
[Round "3"]
[White "Pultinevicius, Paulius"]
[Black "Nyysti, Sampsa"]
[Result "1-0"]
[WhiteElo "2575"]
[BlackElo "2339"]
[PlyCount "81"]
[EventDate "2024.01.06"]
[EventType "swiss (rapid)"]
[EventRounds "11"]
[EventCountry "EST"]
[SourceTitle "CB02_2024"]
[SourceDate "2024.01.10"]
[SourceVersion "1"]
[SourceVersionDate "2024.01.10"]
[SourceQuality "1"]

1. d4 Nf6 2. c4 e6 3. Nc3 Bb4 4. e3 0-0 5. Bd3 Re8 6. Nge2 d5 7. a3 Bf8 8. 0-0 Nbd7 9. Qc2 dxc4 10. Bxc4 c5 11. dxc5 Nxc5 12. b4 Ncd7 13. Bb2 a6 14. Ne4 b5 15. Nxf6+ Nxf6 16. Bd3 Bb7 17. Bxf6 Qxf6 18. Bxh7+ Kh8 19. Be4 Rac8 20. Qb1 Bxe4 21. Qxe4 Rc4 22. Qb7 Bd6 23. Rad1 Bb8 24. Qxa6 Qe5 25. g3 g5 26. Rd7 Kg7 27. Qb7 Bc7 28. Nd4 Rb8 29. Qf3 Qf6 30. Qe2 Be5 31. Nxb5 Rbc8 32. Nd6 Bxd6 33. Rxd6 Rc2 34. Rd2 Qb2 35. Rxc2 Rxc2 36. Qb5 Kg6 37. a4 Rc3 38. a5 Rb3 39. a6 Rxb4 40. Qa5 Rb5 41. Qa1 1-0

[Event "EU-ch Blitz"]
[Site "Zagreb"]
[Date "2023.12.16"]
[Round "4"]
[White "Cabarkapa, Novak"]
[Black "Pultinevicius, Paulius"]
[Result "0-1"]
[WhiteElo "2434"]
[BlackElo "2584"]
[PlyCount "100"]
[EventDate "2023.12.16"]
[EventType "swiss (blitz)"]
[EventRounds "13"]
[EventCountry "CRO"]
[SourceTitle "CB51_2023"]
[SourceDate "2023.12.20"]
[SourceVersion "1"]
[SourceVersionDate "2023.12.20"]
[SourceQuality "1"]

1. d4 Nf6 2. Nc3 d5 3. Bf4 c5 4. e3 cxd4 5. exd4 a6 6. Nf3 Nc6 7. Ne5 Bd7 8. Ne2 Qb6 9. Nxd7 Nxd7 10. Bc1 e5 11. g3 exd4 12. Bg2 Bb4+ 13. c3 dxc3 14. bxc3 Bc5 15. 0-0 Nf6 16. Bg5 Ne7 17. Rb1 Qc6 18. c4 Rd8 19. Bxf6 Qxf6 20. cxd5 b5 21. Qc2 Rc8 22. Qb3 0-0 23. Nf4 Rfd8 24. a4 b4 25. a5 Bd6 26. Ne2 h5 27. Qd3 Bc5 28. h4 g6 29. Nf4 Rc7 30. Kh1 Nf5 31. Nh3 Bf8 32. Ng5 Rc3 33. Qd2 Ra3 34. Ne4 Qd4 35. Qxd4 Nxd4 36. Rfd1 Nb5 37. Bf1 Rxa5 38. Ra1 Na3 39. d6 f5 40. Ng5 Rxd6 41. Rdc1 Be7 42. Nf3 Bf6 43. Rc8+ Rd8 44. Rac1 Rxc8 45. Rxc8+ Kf7 46. Rc6 b3 47. Bxa6 b2 48. Bd3 Rd5 49. Rc7+ Kf8 50. Rc8+ Ke7 0-1

[Event "EU-ch Blitz"]
[Site "Zagreb"]
[Date "2023.12.16"]
[Round "9"]
[White "Pultinevicius, Paulius"]
[Black "Martirosyan, Haik M"]
[Result "0-1"]
[WhiteElo "2584"]
[BlackElo "2678"]
[PlyCount "62"]
[EventDate "2023.12.16"]
[EventType "swiss (blitz)"]
[EventRounds "13"]
[EventCountry "CRO"]
[SourceTitle "CB51_2023"]
[SourceDate "2023.12.20"]
[SourceVersion "1"]
[SourceVersionDate "2023.12.20"]
[SourceQuality "1"]

1. d4 Nf6 2. c4 e6 3. Nf3 b6 4. a3 Bb7 5. Nc3 d5 6. cxd5 exd5 7. Bf4 Bd6 8. Bxd6 Qxd6 9. e3 0-0 10. Be2 c6 11. 0-0 Nbd7 12. Qc2 Rfe8 13. Rfc1 Ne4 14. Nxe4 dxe4 15. Nd2 c5 16. Rd1 cxd4 17. Nc4 Qc7 18. Rxd4 Ne5 19. Qb3 Re6 20. Rad1 Nd3 21. Bxd3 exd3 22. Qxd3 Qc6 23. f3 Ba6 24. b3 h5 25. e4 Rae8 26. Rd5 h4 27. h3 Rg6 28. Qd4 Rg3 29. Nd6 Be2 30. Re1 Bxf3 31. Nxe8 Qc2 0-1

[Event "EU-ch Rapid"]
[Site "Zagreb"]
[Date "2023.12.14"]
[Round "1"]
[White "Pultinevicius, Paulius"]
[Black "Komljenovic, Tihomir"]
[Result "1-0"]
[WhiteElo "2584"]
[BlackElo "1976"]
[PlyCount "59"]
[EventDate "2023.12.14"]
[EventType "swiss (rapid)"]
[EventRounds "11"]
[EventCountry "CRO"]
[SourceTitle "CB51_2023"]
[SourceDate "2023.12.20"]
[SourceVersion "1"]
[SourceVersionDate "2023.12.20"]
[SourceQuality "1"]

1. d4 Nf6 2. c4 e6 3. Nf3 b6 4. g3 Bb7 5. Bg2 Be7 6. 0-0 0-0 7. Re1 d5 8. cxd5 exd5 9. Nc3 Nbd7 10. Ne5 Re8 11. Qb3 c6 12. e4 Nxe5 13. dxe5 Nxe4 14. Nxe4 dxe4 15. Bxe4 Bc5 16. Bf4 g5 17. Rad1 Qe7 18. Bd2 Rad8 19. Qf3 Rxd2 20. Rxd2 Bb4 21. Qf5 Qxe5 22. Qxh7+ Kf8 23. Rd7 Qg7 24. Qxg7+ Kxg7 25. Re3 Bc8 26. Rxa7 Bc5 27. Bxc6 Rd8 28. Re8 Rd1+ 29. Kg2 Be6 30. Rxe6 1-0